000 00873 a2200265 4500
005 20251204144727.0
008 251204b |||||||| |||| 00| 0 eng d
020 _a9781350247116 (hbk)
037 _cTB
040 _aCRL
_cCRL
041 _aeng
084 _aP:(Y) R2
_qCRL
245 _aReterritorializing Linguistic Landscapes:
_bQuestioning boundaries and opening spaces
260 _bBloomsbury Academic
_c2022
_aLondon
300 _a415p.
365 _b41.99 UKP
490 _aAdvances in sociolinguistics
650 _2Linguistic
650 _2Sociolinguistic
650 _2Sociology
700 _aMalinowski, David
_eEditor
_9854598
700 _aTufi, Stefania
_eEditor
_9854599
942 _cTB
_2CC
_n0
_hP:(Y) R2
999 _c1436118
_d1436118